Studiare la famiglia che cambia /
I tiakina i:
| Ētahi atu kaituhi: | , |
|---|---|
| Hōputu: | Pukapuka |
| Reo: | Itāriana |
| I whakaputaina: |
Roma :
Carocci,
2011
|
| Rangatū: | Studi superiori ;
762 |
| Ngā marau: | |
| Ngā Tūtohu: |
Kāore He Tūtohu, Me noho koe te mea tuatahi ki te tūtohu i tēnei pūkete!
|
MARC
| LEADER | 00000nam a22000007i 4500 | ||
|---|---|---|---|
| 001 | IT\ICCU\UBO\3911307 | ||
| 003 | ItRI | ||
| 005 | 20260115232104.0 | ||
| 008 | 120126s2011 it |||||| ||||| |||||c | ||
| 020 | |a 9788843062805 | ||
| 040 | |b ita |c importazione bologna sebina | ||
| 041 | 7 | |a ita |2 ISO-639-2 | |
| 245 | 0 | 0 | |a Studiare la famiglia che cambia / |c a cura di Elisabetta Ruspini ; prefazione di Antonio M. Chiesi. |
| 260 | |a Roma : |b Carocci, |c 2011 | ||
| 300 | |a 318 p. ; |c 23 cm. | ||
| 650 | 7 | |a Famiglia |x Italia |x Sec. 21. |x Saggi |2 scbi | |
| 700 | 1 | |a Chiesi, Antonio M. |0 IT\ICCU\CFIV\103470 | |
| 700 | 1 | |a Ruspini, Elisabetta |0 IT\ICCU\MILV\033446 | |
| 790 | 1 | |a Chiesi, A. |3 IT\ICCU\MILV\108975 |z Chiesi, Antonio M. | |
| 790 | 1 | |a Chiesi, Antonio |3 IT\ICCU\CFIV\227884 |z Chiesi, Antonio M. | |
| 830 | 0 | |a Studi superiori ; |v 762 |0 IT\ICCU\UBO\0289360 | |
| 942 | |2 ddc |c BK |n 0 | ||
| 952 | |0 0 |1 0 |4 0 |6 DOC_306_850000000000000_RUS |7 0 |9 19834 |a BO |b BO |d 2026-01-15 |i 16772 |l 0 |o DOC 306.850 RUS |p BO16772 |r 2026-01-15 23:21:04 |w 2026-01-15 |x [Sebina 5] [1 v.] |y BK |z 1 v. | ||
| 999 | |c 16906 |d 16906 | ||